Governance and the law /

Bibliographic Details
Corporate Author: World Bank Group, (Author)
Format: eBook
Language:English
Published: Washington, District of Columbia : World Bank Group, 2017.
Series:World development report.
Subjects:
Online Access:Click to View
LEADER 01765nam a2200433 i 4500
001 EBC4804185
003 MiAaPQ
005 20200520144314.0
006 m o d |
007 cr cnu||||||||
008 170224t20172017dcuab ob 000 0 eng d
020 |z 9781464809507 
020 |a 9781464809514 (e-book) 
035 |a (MiAaPQ)EBC4804185 
035 |a (Au-PeEL)EBL4804185 
035 |a (CaPaEBR)ebr11343947 
035 |a (CaONFJC)MIL992596 
035 |a (OCoLC)972478031 
040 |a MiAaPQ  |b eng  |e rda  |e pn  |c MiAaPQ  |d MiAaPQ 
050 4 |a HD82  |b .W675 2017 
082 0 |a 338.9  |2 23 
110 2 |a World Bank Group,  |e author. 
245 1 0 |a Governance and the law /  |c World Bank Group. 
264 1 |a Washington, District of Columbia :  |b World Bank Group,  |c 2017. 
264 4 |c 2017 
300 |a 1 online resource (307 pages) :  |b illustrations, maps. 
336 |a text  |2 rdacontent 
337 |a computer  |2 rdamedia 
338 |a online resource  |2 rdacarrier 
490 1 |a World Development Report 
504 |a Includes bibliographical references. 
588 |a Description based on online resource; title from PDF title page (ebrary, viewed February 23, 2017). 
590 |a Electronic reproduction. Ann Arbor, MI : ProQuest, 2016. Available via World Wide Web. Access may be limited to ProQuest affiliated libraries. 
650 0 |a Economic development. 
655 4 |a Electronic books. 
776 0 8 |i Print version:  |a World Bank Group.  |t Governance and the law.  |d Washington, District of Columbia : World Bank Group, c2017   |h xxi, 281 pages   |k World Development Report   |z 9781464809507 
797 2 |a ProQuest (Firm) 
830 0 |a World development report. 
856 4 0 |u https://ebookcentral.proquest.com/lib/matrademy/detail.action?docID=4804185  |z Click to View